Integral Calculus For Beginers (Record no. 4466)

MARC details
000 -LEADER
fixed length control field 00345nam a2200133Ia 4500
008 - FIXED-LENGTH DATA ELEMENTS--GENERAL INFORMATION
fixed length control field 211109s9999||||xx |||||||||||||| ||und||
082 ## - DEWEY DECIMAL CLASSIFICATION NUMBER
Classification number 515.26
Item number EDW-I
100 ## - MAIN ENTRY--PERSONAL NAME
Personal name Edwards, Joseph
245 #0 - TITLE STATEMENT
Title Integral Calculus For Beginers
260 ## - PUBLICATION, DISTRIBUTION, ETC.
Name of publisher, distributor, etc. I t b S Pub
Place of publication, distribution, etc. Delhi
Date of publication, distribution, etc. 2002
630 ## - SUBJECT ADDED ENTRY--UNIFORM TITLE
General subdivision General Stack
650 ## - SUBJECT ADDED ENTRY--TOPICAL TERM
Topical term or geographic name entry element ANALYSIS
942 ## - ADDED ENTRY ELEMENTS (KOHA)
Koha item type BOOK
650 ## - SUBJECT ADDED ENTRY--TOPICAL TERM
General subdivision Mathematics
Holdings
Withdrawn status Lost status Damaged status Not for loan Home library Current library Date acquired Cost, normal purchase price Total Checkouts Full call number Barcode Shelving location Date last seen Price effective from Koha item type
        SB LIBRARY SB LIBRARY 09/11/2021 100.00   515.26 EDW-I 00004916 GENERAL STACK 09/11/2021 09/11/2021 BOOK

Powered by Koha